000 00403nam a2200169Ia 4500
005 20250423100914.0
008 250422s9999 xx 000 0 und d
020 _a978-0-312-64152-8
050 _aPS 3558 .A4625245 S53/
100 _aHandeland, Lori
245 0 _aShakespeare undead
260 _aNew York
260 _bSt. Martin’s Griffin
260 _c2010
300 _a291 p
942 _cBK
999 _c34701
_d34701